| 000 | 00327nam a2200121Ia 4500 | ||
|---|---|---|---|
| 008 | 220217s9999||||xx |||||||||||||| ||und|| | ||
| 082 | _a660. 6 PUR | ||
| 100 | _aPuroith, S.S | ||
| 245 | 0 | _aBiotechnology: fundamentals of applications | |
| 260 |
_aAgrobios _bJodhpur _c2002 |
||
| 300 | _b330 | ||
| 650 | _aHumanities Science | ||
| 999 |
_c169172 _d169172 |
||